01155nam a2200193Ia 4500001001100000003001000011008004100021040002500062041001300087100003400100245006500134250001100199260006200210300001100272500026400283501011400547520026400661650003600925L200-55650IT-CnALBA170116s9999||||xx |||||||||||||| ||und|| aIT-CnALBAcIT-CnALBA aITALIANO aDANNEELS GODFRIED, CARDINALE. 0aGIOVANI CORRENTI CONTRO CORRENTI. NOTA PASTORALE GIOVANILE.  a1a ed. aS.C.bS.e.c1991 [1° Ed.:1991 - Ed.Ling.Originale: 1991] a48 p.  aPOLITICA? NO GRAZIE. CHIESA E RELIGIONE. LA MUSICA? IMMAGINI ANCORA E SEMPRE. LA SESSUALITÀ. LA FAMIGLIA. L'AVVENIRE. PAURA LEGITTIMA. SENTIRSI DECLASSATI CON LA CORRENTE. NON SANNO CIÒ CHE VOGLIONO. SABBIE MOBILI. ESTREMA TOLLERANZA. CONTRO CORRENTE. LA  aSocietà San Paolo EM - Piazza San Paolo, 14 - 12051 ALBA (CN) (non commercial uses only) ® Copyright 2017 aPOLITICA? NO GRAZIE. CHIESA E RELIGIONE. LA MUSICA? IMMAGINI ANCORA E SEMPRE. LA SESSUALITÀ. LA FAMIGLIA. L'AVVENIRE. PAURA LEGITTIMA. SENTIRSI DECLASSATI CON LA CORRENTE. NON SANNO CIÒ CHE VOGLIONO. SABBIE MOBILI. ESTREMA TOLLERANZA. CONTRO CORRENTE. LA  aRELIGIONE - RELIGIONE CRISTIANA